Normal view
MARC view
- Glaser, Roland.
Entry Personal Name
001 - CONTROL NUMBER
- control field: 88731
003 - CONTROL NUMBER IDENTIFIER
- control field: NUST
005 - DATE AND TIME OF LATEST TRANSACTION
- control field: 20220202125933.0
008 - FIXED-LENGTH DATA ELEMENTS
- fixed length control field: 220202|| aca||aabn | a|a d
040 ## - CATALOGING SOURCE
- Original cataloging agency: NUST
- Transcribing agency: NUST
100 ## - HEADING--PERSONAL NAME
- Personal name: Glaser, Roland.
- Title of a work: Biophysik
670 ## - SOURCE DATA FOUND
- Source citation: Work cat.: (NUST)0: Glaser, Roland. 88729, Biophysics :, c2012.
